Monitor stavu hospodárstva Slovenskej republiky za október 1995. 1

Základné tendencie vývoja vo vybraných úsekoch hospodárstva SR v októbri 1995. Základné ukazovatele vývoja hospodárstva SR: ceny a inflácia, životné náklady, nezamestnanosť, zahraničný obchod, kurzy devízových prostriedkov, vlastnícka štruktúra hospodárstva SR, štátny rozpočet. Vývoj spotrebiteľskýc...

Descripción completa

Guardado en:
Detalles Bibliográficos
Formato: Capítulo de libro
Lenguaje:eslovaco
inglés
Materias:
Etiquetas: Agregar Etiqueta
Sin Etiquetas, Sea el primero en etiquetar este registro!

MARC

LEADER 00000naa a2200000 4500
001 r019030
005 20221205102315.5
041 0 |a slo 
041 0 |a eng 
044 |a SK 
245 1 0 |a Monitor stavu hospodárstva Slovenskej republiky za október 1995. 1 
520 |a Základné tendencie vývoja vo vybraných úsekoch hospodárstva SR v októbri 1995. Základné ukazovatele vývoja hospodárstva SR: ceny a inflácia, životné náklady, nezamestnanosť, zahraničný obchod, kurzy devízových prostriedkov, vlastnícka štruktúra hospodárstva SR, štátny rozpočet. Vývoj spotrebiteľských cien vybraných výrobkov. 
610 2 0 |a hospodárstvo národné 
610 2 0 |a Slovensko 
610 2 0 |a rozvoj hospodársky 
610 2 0 |a október 
610 2 0 |a 1995 
610 2 0 |a ceny 
610 2 0 |a inflácia 
610 2 0 |a náklady životné 
610 2 0 |a nezamestnanosť 
610 2 0 |a obchod zahraničný 
610 2 0 |a kurz devízový 
610 2 0 |a poľnohospodárstvo 
610 2 0 |a vlastníctvo 
610 2 0 |a rozpočet štátny 
610 2 0 |a ceny spotrebiteľské 
610 2 0 |a ukazovatele ekonomické